01638nam a2200373Ia 4500001001200000003000800012006001900020007001500039008004100054010001700095015001400112020001500126020003300141020004000174040002100214035002000235050002600255100002300281245012800304260003700432300001700469490010400486504006400590533015200654650005600806650003100862650002800893655002900921710001700950830006000967830009401027856012601121999001701247ebr10053839CaPaEBRm u cr cn|||||||||000525s2000 nyu sb 001 0 eng d z 00042681  aGBA1-4408 z0203906853 z0815334915 (acid-free paper) z0815338953 (pbk. : acid-free paper) aCaPaEBRcCaPaEBR a(OCoLC)5078165414aPR830.I54bK88 2000eb1 aKutzer, M. Daphne.10aEmpire's childrenh[electronic resource] :bempire and imperialism in classic British children's books /cM. Daphne Kutzer. aNew York :bGarland Pub.,c2000. axxii, 157 p.1 aGarland reference library of the humanities ;vv. 2005.aChildren's literature and culture ;vv. 16 aIncludes bibliographical references (p. 143-149) and index. aElectronic reproduction.bPalo Alto, Calif. :cebrary,d2009.nAvailable via World Wide Web.nAccess may be limited to ebrary affiliated libraries. 0aChildren's stories, EnglishxHistory and criticism. 0aImperialism in literature. 0aColonies in literature. 7aElectronic books.2local2 aebrary, Inc. 0aGarland reference library of the humanities ;vv. 2005. 0aGarland reference library of the humanities.pChildren's literature and culture ;vv. 16.40uhttp://site.ebrary.com/lib/rucke/Doc?id=10053839zAn electronic book accessible through the World Wide Web; click to view c64548d64548